Estudio de demanda para cargos tipos en el sector transporte

Zapisane w:
Opis bibliograficzny
Korporacja: Universidad Católica de Valparaíso (Autor)
Format: Książka
Język:hiszpański
Wydane: Valparaíso Escuela de Transporte 1973
Hasła przedmiotowe:
Etykiety: Dodaj etykietę
Nie ma etykietki, Dołącz pierwszą etykiete!

MARC

LEADER 00000nam a2200000 a 4500
001 UCV4640
003 CL-VaPUC
008 901023e19730000CL |||||||||||||||||spa|d
082 0 4 |a 338.875  |b UNI  |2 21 
110 2 |a Universidad Católica de Valparaíso  |e author  |9 298826 
245 1 0 |a Estudio de demanda para cargos tipos en el sector transporte 
300 |a 139 p 
942 |c BK 
945 |d 19901023 00:00:00 
260 |a Valparaíso  |b Escuela de Transporte  |c 1973 
650 0 |a Trabajadores  |9 260887 
650 7 |a TRANSPORTE  |2 CL-VaPUC  |9 256365 
650 7 |a TECNICOS EN TRANSPORTE  |2 CL-VaPUC  |9 260888 
650 0 |a Análisis ocupacional  |9 259861 
583 |a last modification  |c 19901023 00:00:00  |k Rodrigo Vera 
999 |c 211364  |d 211362 
952 |0 0  |1 0  |4 0  |6 338_875000000000000_UNI_1973  |7 0  |8 A  |9 190468  |a BIBING  |b BIBING  |d 2019-11-14  |i 258249K  |o 338.875 UNI 1973  |p 258249K  |r 2025-01-20  |w 2019-11-14  |y BK  |k TRA